000 01381nam a22002657i 4500
999 _c23100
_d23100
003 AR-CdUCM
008 241028b20162016 pe||||| |||| 00| 0 spa d
020 _a978-612-4329-01-2
040 _aMUNICIPALIDAD PROVINCIAL DEL CUSCO
_cBIBLIOTECA MUNICIPAL DEL CUSCO
041 _hspa
082 _a323.445 / P
_bP
100 _aIberico Núñez, Luis (compilador)
_950738
245 _aPalabra libre :
_bEl derecho a la información, medios de comunicación y autorregulación /
260 _aLima :
_bFondo Editorial del Congreso del Perú.
_c2016
300 _a329 páginas. :
_c24.5 cm.
505 _aDerecho9 a la comunicación y derecho a la información -- Periodismo y Poder Público -- Formación del periodista -- Medios bajo presión económica: El caso de los medios de comunicación regionales -- Autorregulación -- Periodismo de investigación: Desafíos del siglo XXI -- Prensa amenazada: prensa judicializada -- Riesgos del ejercicio periodístico frente a los poderes reales y fácticos -- Tecnología, prensa e información -- Responsabilidad de la prensa y amenazas emergentes a la libre expresión
650 _aDerecho
_9739
650 _aJurisprudencia
_9927
650 _aPrensa
_919488
650 _aPeriodismo
_91929
650 _aLibre expresión
_950739
650 _aPoder público
_943424
942 _2ddc
_cLIBROS
945 _apbj
_d28-10-2024